| 000 | 03400nam a22006734i 4500 | ||
|---|---|---|---|
| 003 | PE-LiUPU | ||
| 005 | 20250731180101.0 | ||
| 008 | 160307r20122012sp a rb 001 0 spa d | ||
| 020 | _a8429174834 | ||
| 020 | _a9788429174830 | ||
| 035 | _a(Sirsi) i9788429174830 | ||
| 040 |
_aDQ$ _bspa _cDQ$ _dPE-LiUPU _erda |
||
| 041 | 1 |
_aspa _hger |
|
| 049 | _aPRUA | ||
| 082 | 0 | 4 |
_a579.66 _bR41 2012 |
| 100 | 1 |
_aRenneberg, Reinhard, _eautor. |
|
| 240 | 1 | 0 |
_aBiotechnologie für Einsteiger. _Español |
| 245 | 1 | 0 |
_aBiotecnología para principiantes / _cReinhard Renneberg ; traducción, Josep Joan Centelles Serra y Magdalena Ferrer Peralta. |
| 250 | _aReimpresión. | ||
| 264 | 1 |
_aBarcelona : _bReverté, _c2012. |
|
| 300 |
_aXI, 300 páginas : _bilustraciones ; _c28 centímetros. |
||
| 336 |
_atext _2rdacontent |
||
| 337 |
_aunmediated _2rdamedia |
||
| 338 |
_avolume _2rdacarrier |
||
| 500 | _aTítulo original: Biotechnologie für Einsteiger. | ||
| 504 | _aBibliografía al final de cada capítulo. | ||
| 504 | _aÍndice : páginas 291-300. | ||
| 505 | 0 | _aCapítulo 1. Cerveza, pan, queso: suculenta biotecnología -- Capítulo 2. Enzimas: supercatalizadores moleculares para el hogar y la industria -- Capítulo 3. El milagro de la ingeniería genética -- Capítulo 4. Biotecnología blanca: las células como fábricas de síntesis -- Capítulo 5. Virus, anticuerpos y vacunas -- Capítulo 6. Biotecnología del medio ambiente: adiós a los caminos de una dirección, bienvenido a los circuitos -- Capítulo 7. Biotecnología verde -- Capítulo 8. Embriones, clones y animales transgénicos -- Capítulo 9. Infarto de miocardio, cáncer y células madre: la biotecnología roja como medio para salvar vidas -- Capítulo 10. Biotecnología analítica y genoma humano. | |
| 526 | _aSEG44 | ||
| 526 | _aSEG26 | ||
| 526 | _aP159 | ||
| 526 | _aP155 | ||
| 526 | _aP154 | ||
| 526 | _aP153 | ||
| 526 | _aP150 | ||
| 526 | _aP100 | ||
| 526 | _aP31 | ||
| 526 | _aP30 | ||
| 526 | _aP26 | ||
| 526 | _aP25 | ||
| 526 | _aP24 | ||
| 526 | _aP22 | ||
| 526 | _aP15 | ||
| 526 | _aP10 | ||
| 534 |
_pTítulo original : _tBiotechnologie für Einsteiger. |
||
| 541 | _g022-00000048; | ||
| 650 | 4 | _aBiotecnología. | |
| 700 | 1 |
_aCentelles Serra, Josep Joan, _etraductor. |
|
| 700 | 1 |
_aFerrer Peralta, Magdalena, _etraductora. |
|
| 910 |
_btqv _cwelc _d20170126 |
||
| 942 |
_2ddc _cBOOK |
||
| 949 |
_a579.66 R41 2012 _wDEWEY _c1 _iFJ06091 _lCCODEBUJ1 _mBUJ _p51.50 _r0 _sY _tBOOK _u2017-01-26 _xINGENIERIA _PP26 _0COMPRA _o.STAFF. Colección General Juliaca |
||
| 994 |
_aC0 _bPEPRU |
||
| 596 | _a1 3 | ||
| 999 |
_a579.66 R41 2012 _wDEWEY _c15305 _iFJ06091 _d15305 _e2019-3-18 _f2022-1-25 _g3 _lCCODEBUJ1 _mBUJ _n1 _p51.50 _q4 _r0 _sY _tBOOK _u2017-1-26 _xINGENIERIA _PP26 _0COMPRA _o.STAFF. Colección General Juliaca |
||
| 999 |
_a579.66 R41 _wDEWEY _c1 _i78613 _d2019-6-21 _e2019-6-17 _f2021-11-9 _g4 _lCCODEBUL1 _mBUL _n2 _p56.19 _r0 _sY _tBOOK _u2018-5-17 _xINGENIERIA _PP24 _0COMPRA _1FCOMPRA _o.STAFF. Colección Ingeniería y Arquitectura |
||
| 999 |
_a579.66 R41 _wDEWEY _c2 _i78614 _d2018-10-11 _f2021-11-9 _g4 _lCCODEBUL1 _mBUL _p56.19 _q1 _r0 _sY _tBOOK _u2018-5-17 _xINGENIERIA _PP24 _0COMPRA _1FCOMPRA _o.STAFF. Colección Ingeniería y Arquitectura |
||
| 980 |
_81 _gALBERTO SANCHEZ Responsable de Automatización |
||